Sobre la estabilidad del dinero pasivo (Registro nro. 24805)

Detalles MARC
000 -LEADER
fixed length control field 00326 a2200109 4500
001 - CONTROL NUMBER
control field ART_10896
005 - DATE AND TIME OF LATEST TRANSACTION
control field 20260410161849.0
008 - FIXED-LENGTH DATA ELEMENTS--GENERAL INFORMATION
fixed length control field 260409a
100 1# - MAIN ENTRY--PERSONAL NAME
Personal name Olivera, Julio H.G.
245 10 - TITLE STATEMENT
Title Sobre la estabilidad del dinero pasivo
773 0# - HOST ITEM ENTRY
Title Económica
Related parts - Año XXVII, Nº 1/2 (ene./ago. 1981)
Record control number REV7541

No hay ítems disponibles.